Station 19 Characters - Statistics

General Stats
  • This quiz has been taken 606 times
  • The average score is 15 of 22
Answer Stats
Hint Answer % Correct
AH Andy Herrera
95%
BW Ben Warren
94%
MB Maya Bishop
94%
JG Jack Gibson
90%
PH Pruitt Herrera
89%
VH Victoria Hughes
88%
TM Travis Montgomery
86%
DM Dean Miller
84%
RS Robert Sullivan
79%
CD Carina Deluca
76%
MB Miranda Bailey
57%
NR Natasha Ross
57%
TR Theo Ruiz
57%
ED Emmett Dixon
56%
LR Lucas Ripley
54%
RT Ryan Tanner
53%
MD Michael Dixon
49%
SB Sean Beckett
45%
RV Rigo Vasquez
42%
EV Eva Vasquez
40%
PM Pru Miller
39%
DL Diane Lewis
28%
No matching quizzes found
Score Distribution
Percent of People with Each Score
Percentile by Number Answered
Your Score History
You have not taken this quiz